| 000 | 00348nam a22001337a 4500 | ||
|---|---|---|---|
| 008 | 160430b xxu||||| |||| 00| 0 eng d | ||
| 020 | _a9780314096357 | ||
| 020 | _a031409096353 | ||
| 020 | _a0314203362 | ||
| 041 | _aeng | ||
| 080 | _a612.39 | ||
| 245 |
_aNutrition concepts and controversies: _cFrances Sizer; Eleanor Whitney; |
||
| 942 |
_2udc _cBK |
||
| 999 |
_c1714 _d1714 |
||